000 00556nam a2200193Ia 4500
008 151121s9999||||xx |||||||||||||| ||und||
082 _a813-/मुजाव
082 _bHNW-64051
100 _aमुजावर बशीर सा।
245 _aअद्वैत
260 _bसाहेबनी ।
260 _c--
300 _a194
600 _aमुजावर बशीर सा।
630 _aअद्वैत
700 _aमुजावर बशीर सा।
730 _aअद्वैत
942 _cBOOK
999 _c1245581
_d1245578